000 00453nam a22001577a 4500
005 20251108164206.0
008 250721s2000 xx 000 0 ara d
082 1 4 _a519.53/علي
100 1 _aأبو علي، فاتن عبد الرحيم
245 1 0 _aمبادىء الإحصاء الوصفي /
264 1 _aعمان :
_bدار الفكر،
_c2000.
300 _a208ص
650 1 7 _aالإحصاء الوصفي
942 _2ddc
_cBK
999 _c5974
_d5974